000 00374nam a2200133Ia 4500
005 20260328101514.0
008 260328s9999||||xx |||||||||||||| ||und||
100 _aElordi, Carlos
245 0 _aMetodología de la Planificación :
_b Aportaciones soviÉticas 1924 - 1930 /
_cCarlos Elordi
260 _bAlberto Corazón
300 _a295 p.
650 _aTEORÍA
942 _cBK
999 _c9290
_d9290